| 000 | 00454nam a22001697a 4500 | ||
|---|---|---|---|
| 003 | OSt | ||
| 005 | 20140310181804.0 | ||
| 008 | 130704t xxu||||| |||| 00| 0 eng d | ||
| 020 | _a0449308510 | ||
| 050 |
_aPC 4640 _b.F951 1966 |
||
| 082 |
_aREF 463.21 _bF95 1966 |
||
| 245 |
_aWord-wide Spanish Dictionary / _cFucilla, Joseph G. |
||
| 260 |
_aNew York : _bFawcett Premier, _cc1966. |
||
| 300 |
_a558 p. : _c18 cm. |
||
| 942 |
_2lcc _cBK |
||
| 999 |
_c3725 _d3725 |
||